000 00741nam a22002417a 4500
005 20140310183630.0
008 131116b xxu||||| |||| 00| 0 eng d
020 _a9781606491355
050 _aHD 62.5
_b.D928 2010
100 _aDunung, Sanjyot P.
245 _aStarting your business /
_cSanjyot P.Dunung.
260 _aNew York :
_bBusiness Expert Press Inc.,
_c2010
300 _a94 p. :
_bill.
440 _aEntrepreneurship and small business management collection.
504 _aIncludes Index.
521 _aBSBA
650 _aNew business enterprises
_xManagement.
650 _aEntrepreneurship.
650 _aNew business enterprises / Management.
942 _2lcc
_cBK
_kFOR
999 _c25584
_d25584